| 000 | 00816cam a2200265 4500 | ||
|---|---|---|---|
| 001 | 29251 | ||
| 003 | BD-RjUL | ||
| 005 | 20211209051405.0 | ||
| 008 | 140403r19641963nyua b 001 0 eng d | ||
| 035 | _a(BD-RjUL)29336 | ||
| 040 |
_aDLC _cDLC _dDLC _dBD-RjUL _beng |
||
| 041 | _aeng | ||
| 082 | 0 | 0 |
_a150.82 _bMAT 1964 |
| 100 | 1 |
_aMarx, Melvin Herman, _989292 |
|
| 245 | 1 | 0 |
_aTheories in contemporary psychology / _c Melvin Herman Marx. |
| 260 |
_aNew York : _bMacmillan, _cc1963 [Reprinted 1964] |
||
| 300 |
_axi, 628 p. : _billus. ; _c24 cm. |
||
| 500 | _aFirst published in 1951 under title: Psychological theory. | ||
| 504 | _aIncludes bibliographies. and Index | ||
| 650 | 0 |
_aPsychology. _989293 |
|
| 942 |
_2ddc _cBK |
||
| 999 |
_c29251 _d29251 |
||